Cleopatra rules! : the amazing life of the original teen queen /

Examines the life of Cleopatra, discussing her rule at an early age, alliances, acquisition of land for Egypt, enemies, and other related topics.

Bibliographic Details
Main Author: Shecter, Vicky Alvear, 1961-
Format: Book
Language:English
Published: Honesdale, Pa. : Boyds Mills Press, [2010]
Edition:1st ed.
Subjects:

MARC

Tag First Indicator Second Indicator Subfields
LEADER 00000cam a22000004a 4500
001 in00002860321
005 20151202173145.0
008 090626s2010 paua j b 001 0beng
010 |a  2009026737 
019 |a 645359726  |a 657642862 
020 |a 9781590787182 (hardcover : alk. paper) 
020 |a 1590787188 (hardcover : alk. paper) 
029 1 |a AU@  |b 000044422542 
029 1 |a NZ1  |b 13608253 
035 |a (OCoLC)ocn419264301 
035 |a (OCoLC)419264301 
040 |a DLC  |b eng  |c DLC  |d WSN  |d KCK  |d IAD  |d SGB  |d XY4  |d BDX  |d YDXCP  |d OCLCO  |d UtOrBLW 
043 |a f-ua--- 
049 |a TXAM 
050 0 0 |a DT92.7  |b .S54 2010 
082 0 0 |a 932/.021092  |a B  |2 22 
100 1 |a Shecter, Vicky Alvear,  |d 1961- 
245 1 0 |a Cleopatra rules! :  |b the amazing life of the original teen queen /  |c Vicky Alvear Shecter. 
250 |a 1st ed. 
264 1 |a Honesdale, Pa. :  |b Boyds Mills Press,  |c [2010] 
264 4 |c ©2010 
300 |a 128 pages :  |b illustrations (some color) ;  |c 24 cm. 
336 |a text  |b txt  |2 rdacontent 
337 |a unmediated  |b n  |2 rdamedia 
338 |a volume  |b nc  |2 rdacarrier 
504 |a Includes bibliographical references (pages 119-121) and index. 
505 0 |a A bookish nerd -- "Yeah, you and whose army?" -- Family feud -- Oh baby, baby! -- A spectacular entrance -- The sun and the moon -- Love and games 2.0 -- Killer plans -- Disaster near the delta -- Death of a pharaoh -- Life after death. 
520 |a Examines the life of Cleopatra, discussing her rule at an early age, alliances, acquisition of land for Egypt, enemies, and other related topics. 
600 0 0 |a Cleopatra,  |c Queen of Egypt,  |d -30 B.C.  |v Juvenile literature. 
600 0 1 |a Cleopatra,  |c Queen of Egypt,  |d -30 B.C. 
650 0 |a Queens  |z Egypt  |v Biography  |v Juvenile literature. 
650 1 |a Queens  |z Egypt  |v Biography. 
651 0 |a Egypt  |x History  |y 332-30 B.C.  |v Juvenile literature. 
651 1 |a Egypt  |x History  |y 332-30 B.C. 
938 |a Brodart  |b BROD  |n 10286268  |c $17.95 
938 |a YBP Library Services  |b YANK  |n 8565326 
947 |a A14835941408 
945 |a PromptCat  |b 186534 
946 |a curr 
994 |a 92  |b TXA 
948 |a Cataloged  |b h  |c 2013/2/1  |d c  |e EGrant 
999 |a MARS 
999 f f |s f7962b82-dfa7-31ff-8ccc-1dda79796cb1  |i a9a9c1c2-1e84-3f6a-9ca9-b78971de7a44  |t 0 
952 f f |p normal  |a Texas A&M University  |b College Station  |c Sterling C. Evans Library  |d Evans: Curriculum Collection (4th floor)  |t 0  |e DT92.7 .S54 2010  |h Library of Congress classification  |i unmediated -- volume  |m A14835941408 
998 f f |a DT92.7 .S54 2010  |t 0  |l Evans: Curriculum Collection (4th floor)